Statistics for Most Star Wars Characters (Movies and Certain Shows))

Click here to take the quiz!

General Stats

  • This quiz has been taken 25 times
    (18 since last reset)
  • The average score is 60 of 112

Answer Stats

Answer% Correct
Anakin Skywalker
100%
Darth Vader
100%
Leia Organa
100%
Luke Skywalker
100%
Mace Windu
100%
C3PO
93%
Emperor Palpatine
93%
Han Solo
93%
Obi Wan Kenobi
93%
Padme Amidala
93%
R2D2
93%
Yoda
93%
Chewbacca
86%
Lando Calrissian
86%
Qui-Gon Jinn
86%
Aayla Secura
79%
Ahsoka Tano
79%
Boba Fett
79%
Darth Maul
79%
Finn
79%
Jabba The Hutt
79%
Ki-Adi Mundi
79%
Kit Fisto
79%
Plo Koon
79%
Poe Dameron
79%
Rey Palpatine
79%
Beru Lars
71%
Count Dooku
71%
Grogu
71%
Jango Fett
71%
Jar Jar Binks
71%
Luminara Unduli
71%
Owen Lars
71%
Admiral Ackbar
64%
BB8
64%
Cassian Andor
64%
Commander Cody
64%
General Grievous
64%
K2SO
64%
Nute Gunray
64%
Yaddle
64%
Agen Kolar
57%
Asajj Ventress
57%
Barriss Offee
57%
Bib Fortuna
57%
Bossk
57%
Boss Nass
57%
Cad Bane
57%
Dengar
57%
Din Djarin
57%
Grand Moff Tarkin
57%
IG-11
57%
IG-88
57%
Kylo Ren
57%
Zuckuss
57%
Captain Panaka
50%
Captain Typho
50%
Cut
50%
Cutup
50%
Fives
50%
Hevy
50%
Poggle The Lesser
50%
Savage Oppress
50%
99
43%
Admiral Piett
43%
Aurra Sing
43%
Crosshair
43%
Dogma
43%
Echo
43%
Eeth Koth
43%
Greedo
43%
Lama Su
43%
Rune Haako
43%
Sebulba
43%
Shaak Ti
43%
Shmi Skywalker
43%
Tup
43%
Watto
43%
Wrecker
43%
Ziro The Hutt
43%
4-LOM
36%
Captain Rex
36%
Depa Billaba
36%
Hardcase
36%
Hunter
36%
Jyn Erso
36%
Nala Se
36%
Sabe
36%
Saesee Tiin
36%
San Hill
36%
Snoke
36%
Taun We
36%
Tech
36%
Yarael Poof
36%
Zam Wesell
36%
Daultay Dofine
29%
General Hux
29%
Nien Nunb
29%
Wat Tambor
29%
Captain Tarpals
21%
Pong Krell
21%
Admiral Holdo
14%
Admiral Trench
14%
Bodhi Rook
14%
Tiplar
14%
Cliegg Lars
7%
General Veers
7%
Admiral Yularen
0%
Mama The Hutt
0%
OOM-9
0%
Tilplee
0%
Wedge Antillies
0%

Score Distribution

Percentile by Number Answered

Percent of People with Each Score

Your Score History

You have not taken this quiz since the last reset